000 00458nam a22001817a 4500
005 20230128115040.0
008 221219b |||||||| |||| 00| 0 eng d
020 _a978-81-317-2740-9
041 _aeng
082 _a611 FAL-I
100 _aFALCONE R, DOUGLAS S.AND MACKAY TRUDY F.C
_97404
245 _aINRODUCTION TO QUANTATIVE GENETICS
250 _a4th ed.
260 _bPEARSON
300 _a457;P.
650 _aARICULTURE
_97449
942 _cBK
999 _c8131
_d8129